000 00626nam a2200205 a 4500
001 000043914
005 20201002045037.0
008 140508s1982 sp 000 0 spa d
020 _a847178436X
040 _aDO-SdBNP
_bspa
_cBNPHU
100 1 _aSchell, Jonathan,
_d1943-
_971816
240 1 0 _aThe fate of the earth
_lespañol
245 1 3 _aEl Destino de la Tierra /
_cJonathan Schell ; traducción, Enrique Hegewicz.
260 _aBarcelona :
_bargo vergara,
_c1982.
300 _a236 p. ;
_c21 cm.
490 1 _aEn línea
500 _aIncluye índice
700 1 2 _aHegewicz, Enrique
_971000
830 0 _aEn línea
_971817
999 _c43403
_d43403